000 00274nam a2200109Ia 4500
008 220204s9999 xx 000 0 und d
082 _a82-3
_bKEE
100 _aKeene, Carolyn
245 4 _aThe Clue of the broken locket
260 _aGreat Britain
_bArmada
_c1977
942 _cBK
999 _c32915
_d32915